| 000 | 00877cam a2200277 4500 | ||
|---|---|---|---|
| 001 | 3600485 | ||
| 003 | PILC | ||
| 005 | 20150824104141.0 | ||
| 008 | 711117s1971 nyu 000 0 eng | ||
| 010 | _a 70177270 | ||
| 020 | _a0912648015 | ||
| 040 |
_aDLC _cDLC _dDLC |
||
| 050 | 0 | 0 |
_aBF 637.S4 _b.N48 1971 |
| 082 | 0 | 0 | _a158/.1 |
| 100 | 1 |
_aNewman, Mildred, _d1920- |
|
| 245 | 1 | 0 |
_aHow to be your own best friend; _ba conversation with two psychoanalysts _cMildred Newman, Bernard Berkowitz, and Jean Owen. |
| 260 |
_aNew York, _bDistributed by Lark Pub. Co., _c1971. |
||
| 300 |
_a59 pages ; _c21 cm. |
||
| 350 | _a$4.95 | ||
| 500 | _a"A Coolmain book." | ||
| 650 | 0 | _aSelf-actualization (Psychology) | |
| 700 | 1 |
_aBerkowitz, Bernard, _d1909- _ejoint author. |
|
| 700 | 1 | _aOwen, Jean. | |
| 906 |
_a7 _bcbc _corignew _d2 _encip _f19 _gy-gencatlg |
||
| 942 |
_2lcc _cBK _kFOR |
||
| 999 |
_c288445 _d288445 |
||